<?xml version="1.0" encoding="UTF-8"?>
<collection xmlns="http://www.loc.gov/MARC21/slim">
<record>
  <controlfield tag="001">3700</controlfield>
  <controlfield tag="005">20190114115044.0</controlfield>
  <datafield tag="037" ind1=" " ind2=" ">
    <subfield code="a">CTALK-2019-0006</subfield>
  </datafield>
  <datafield tag="100" ind1=" " ind2=" ">
    <subfield code="a">Decraemer, Bieke</subfield>
  </datafield>
  <datafield tag="245" ind1=" " ind2=" ">
    <subfield code="a">Three-dimensional structure of a coronal streamer observed by SOHO/LASCO and STEREO/COR2</subfield>
  </datafield>
  <datafield tag="260" ind1=" " ind2=" ">
    <subfield code="c">2018</subfield>
  </datafield>
  <datafield tag="269" ind1=" " ind2=" ">
    <subfield code="c">2018-10-31</subfield>
  </datafield>
  <datafield tag="520" ind1=" " ind2=" ">
    <subfield code="a">Helmet streamers are a prominent manifestation of magnetic structures with current sheets in the Solar corona. These large-scale structures are regions with high plasma density, overlying coronal active regions. We investigate the 3D structure of coronal streamers, observed by white-light coronagraphs (SOHO/LASCO and STEREO/COR2). 3D reconstruction of coronal structures is often ambiguous. Inverse reconstructions are difficult, so we design a forward model based on plausible assumptions about the 3D streamer structure taken from previous physical models (a plasma sheet centered around a current sheet). The streamer stalk is approximated by a plasma sheet, with electron density that is characterized by three functions describing the radial, transverse and face-on profiles respectively. We simultaneously fit the observational data from SOHO and STEREO vantage points using a multivariate minimization algorithm. We demonstrate that our model can reasonably describe the observations.</subfield>
  </datafield>
  <datafield tag="594" ind1=" " ind2=" ">
    <subfield code="a">NO</subfield>
  </datafield>
  <datafield tag="700" ind1=" " ind2=" ">
    <subfield code="a">Zhukov, Andrei</subfield>
  </datafield>
  <datafield tag="700" ind1=" " ind2=" ">
    <subfield code="a">Van Doorsselaere, Tom</subfield>
  </datafield>
  <datafield tag="773" ind1=" " ind2=" ">
    <subfield code="t">SDO2018, Ghent, Belgium</subfield>
  </datafield>
  <datafield tag="856" ind1="0" ind2=" ">
    <subfield code="f">bieke.decraemer@observatoire.be</subfield>
  </datafield>
  <datafield tag="906" ind1=" " ind2=" ">
    <subfield code="a">Contributed</subfield>
  </datafield>
  <datafield tag="980" ind1=" " ind2=" ">
    <subfield code="a">CTALKCONT</subfield>
  </datafield>
</record>
</collection>